Привод ручного оперативного включения вакуумных выключателей; Известия Томского политехнического университета [Известия ТПУ]; Т. 308, № 2

Opis bibliograficzny
Parent link:Известия Томского политехнического университета [Известия ТПУ]/ Томский политехнический университет (ТПУ).— , 2000-
Т. 308, № 2.— 2005.— [С. 136-137]
1. autor: Василенко В. Н.
Kolejni autorzy: Лавринович В. А. Валерий Александрович
Streszczenie:Заглавие с титульного листа
Электронная версия печатной публикации
Разработан малогабаритный привод ручного оперативного включения для вакуумных выключателей с усилием поджатия вакуумных дугогасительных камер не более 800 Н. Привод может быть использован совместно с электромагнитным. Приведены: кинематическая схема привода, принцип его работы, конструкция для серийного вакуумного выключателя типа ВБСК-10-20/1000.
Język:rosyjski
Wydane: 2005
Seria:Технические науки
Hasła przedmiotowe:
Dostęp online:http://www.lib.tpu.ru/fulltext/v/Bulletin_TPU/2005/v308/i2/31.pdf
Format: Elektroniczne Rozdział
KOHA link:https://koha.lib.tpu.ru/cgi-bin/koha/opac-detail.pl?biblionumber=170309

MARC

LEADER 00000nla2a2200000 4500
001 170309
005 20231031163658.0
035 |a (RuTPU)RU\TPU\book\184705 
035 |a RU\TPU\book\184704 
090 |a 170309 
100 |a 20091120d2005 k y0rusy50 ca 
101 0 |a rus 
102 |a RU 
135 |a drnn ---uucaa 
181 0 |a i  
182 0 |a b 
200 1 |a Привод ручного оперативного включения вакуумных выключателей  |b Электронный ресурс  |f В. Н. Василенко, В. А. Лавринович 
203 |a Текст  |c электронный 
215 |a 1 файл (2.8 Мб) 
225 1 |a Технические науки 
230 |a Электронные текстовые данные (1 файл : 2.8 Мб) 
300 |a Заглавие с титульного листа 
300 |a Электронная версия печатной публикации 
320 |a [Библиогр.: с. 137 (2 назв.)] 
330 |a Разработан малогабаритный привод ручного оперативного включения для вакуумных выключателей с усилием поджатия вакуумных дугогасительных камер не более 800 Н. Привод может быть использован совместно с электромагнитным. Приведены: кинематическая схема привода, принцип его работы, конструкция для серийного вакуумного выключателя типа ВБСК-10-20/1000. 
337 |a Adobe Reader 
461 1 |0 (RuTPU)RU\TPU\book\176237  |t Известия Томского политехнического университета [Известия ТПУ]  |f Томский политехнический университет (ТПУ)  |d 2000- 
463 1 |0 (RuTPU)RU\TPU\book\184655  |t Т. 308, № 2  |v [С. 136-137]  |d 2005  |p 248 с. 
610 1 |a приводы 
610 1 |a оперативное включение 
610 1 |a ручное включение 
610 1 |a вакуумные выключатели 
610 1 |a дугогасительные камеры 
610 1 |a электромагнитные приводы 
610 1 |a кинематические схемы 
610 1 |a принципы 
610 1 |a работы 
610 1 |a труды учёных ТПУ 
610 1 |a электронный ресурс 
700 1 |a Василенко  |b В. Н. 
701 1 |a Лавринович  |b В. А.  |c российский ученый, специалист в области электроэнергетических сетей и систем  |c профессор Томского политехнического университета, доктор технических наук  |f 1948-  |g Валерий Александрович  |2 stltpush  |3 (RuTPU)RU\TPU\pers\27987 
801 1 |a RU  |b 63413507  |c 20090623  |g PSBO 
801 2 |a RU  |b 63413507  |c 20210809  |g PSBO 
856 4 |u http://www.lib.tpu.ru/fulltext/v/Bulletin_TPU/2005/v308/i2/31.pdf 
942 |c CF